|
|
|
|
| LEADER |
00000nab a2200000 a 4500 |
| 001 |
vtls000297998 |
| 003 |
SK-MaSNL |
| 005 |
20260305011100.0 |
| 008 |
111201c1987 xo 0 slo |
| 015 |
|
|
|a SNBRB19rr/mm-uuuuu
|
| 035 |
|
|
|a CL0308117
|
| 040 |
|
|
|a SNKBUCL
|b slo
|c SNKBUCL
|e AACR2
|
| 041 |
0 |
|
|a slo
|
| 044 |
|
|
|a xo
|c SK
|
| 080 |
|
|
|a 82.09:820 (73)-3(048)
|2 1981
|
| 080 |
|
|
|a 820 (73)-3(048)
|2 1981
|
| 100 |
1 |
|
|a Farkašová, Etela,
|d 1943-
|4 aut
|9 100186
|
| 245 |
1 |
0 |
|a Vezmi si ma
|c Etela Farkašová ; John Updike
|
| 650 |
0 |
7 |
|a romány psychologické
|2 snkbucl
|9 653970
|
| 655 |
|
7 |
|a články z novín a časopisov
|2 snkbucl
|9 267496
|
| 655 |
|
7 |
|a články z odboru literárna veda a krásna literatúra
|2 snkbucl
|9 770045
|
| 700 |
1 |
|
|a Updike, John,
|d 1932-2009
|4 aut
|9 121171
|
| 773 |
0 |
|
|t Smena
|g Roč. 40, č. 244 (17. 10. 1987), s. 6
|
| 787 |
0 |
8 |
|i Rec.:
|a Updike, John
|t Vezmi si ma
|d Bratislava : Slovenský spisovateľ, 1987
|
| 850 |
|
|
|a Slovenská národná knižnica v Martine
|a MTA001
|
| 852 |
|
|
|a SNK
|b KIS3GCP
|
| 958 |
|
|
|a RK
|
| 958 |
|
|
|a LX
|
| 992 |
|
|
|a RBX
|
| 999 |
|
|
|c 3250652
|d 3252582
|